000 00911nam a22002051i 4500
001 181155
003 ES-MaACL
005 20230906221303.0
008 121024s1911 sp |||| | spa d
100 1 _aMasso Llorens, Manuel.
_9151720
245 1 0 _aTecnología textil /
_crelación de los trabajos realizados por M. Massó y Llorens.
260 _a[Madrid :
_bJunta para Ampliación de Estudios e Investigaciones Científicas,
_c1911]
300 _aP. 310-326 ;
_c24 cm.
490 1 _aAnales de la Junta para Ampliación de Estudios e Investigaciones Científicas ;
_vt. 4, memoria 7
650 4 _aIndustria textil-
_zEuropa.
_9151721
710 2 _aJunta para la Ampliación de Estudios e Investigaciones Científicas.
_95413
830 0 _aAnales de la Junta para Ampliación de Estudios e Investigaciones Científicas ;
_vt. 4, memoria 7
_9186710
852 _aES-MaACL
_jB-13160(7)
999 _c181155
_d181155